American Interiors (Record no. 455)
[ view plain ]
| 000 -CABECERA | |
|---|---|
| campo de control de longitud fija | 01013nam a2200241 a 4500 |
| 001 - NÚMERO DE CONTROL | |
| campo de control | BRCA_523 |
| 005 - FECHA Y HORA DE LA ÚLTIMA TRANSACCIÓN | |
| campo de control | 20190320203039.0 |
| 008 - DATOS DE LONGITUD FIJA--INFORMACIÓN GENERAL | |
| campo de control de longitud fija | 830614s1983 nyua---###---#000-0#eng-# |
| 020 ## - NÚMERO INTERNACIONAL ESTÁNDAR DEL LIBRO | |
| Número Internacional Estándar del Libro | 0872730956 |
| 040 ## - FUENTE DE LA CATALOGACIÓN | |
| Centro catalogador/agencia de origen | DLC |
| Centro/agencia transcriptor | DLC |
| Centro/agencia modificador | DLC |
| 050 #4 - SIGNATURA TOPOGRÁFICA DE LA BIBLIOTECA DEL CONGRESO | |
| Número de clasificación | NK2003 |
| Número de documento/Ítem | .P54 1983 |
| 100 1# - ENTRADA PRINCIPAL--NOMBRE DE PERSONA | |
| Nombre de persona | Pierce, Donald C. |
| 9 (RLIN) | 1802 |
| 245 10 - MENCIÓN DE TÍTULO | |
| Título | American Interiors |
| Resto del título | New England and the South : Period Rooms at the Brooklyn Museum |
| Mención de responsabilidad, etc. | Donald C. Pierce and Hope Alswang. |
| 260 ## - PUBLICACIÓN, DISTRIBUCIÓN, ETC. | |
| Lugar de publicación, distribución, etc. | Brooklyn, Nueva York |
| Nombre del editor, distribuidor, etc. | The Brooklyn Museum, Division of Publications and Marketing Services |
| Fecha de publicación, distribución, etc. | 1983 |
| 300 ## - DESCRIPCIÓN FÍSICA | |
| Extensión | 64 p. |
| Otras características físicas | il. (algunas a color) |
| Dimensiones | 28 cm. |
| 610 24 - PUNTO DE ACCESO ADICIONAL DE MATERIA--NOMBRE DE ENTIDAD CORPORATIVA | |
| Nombre de entidad corporativa o nombre de jurisdicción como elemento de entrada | Brooklyn Museum of Art (Nueva York) |
| Subdivisión de forma | Salas ambientadas |
| 9 (RLIN) | 1803 |
| 650 14 - PUNTO DE ACCESO ADICIONAL DE MATERIA--TÉRMINO DE MATERIA | |
| Término de materia o nombre geográfico como elemento de entrada | Decoración de interiores |
| Subdivisión cronológica | Siglo XVIII |
| Subdivisión geográfica | Nueva Inglaterra |
| 9 (RLIN) | 1804 |
| 650 14 - PUNTO DE ACCESO ADICIONAL DE MATERIA--TÉRMINO DE MATERIA | |
| Término de materia o nombre geográfico como elemento de entrada | Arquitectura interior |
| Subdivisión geográfica | Nueva Inglaterra |
| 9 (RLIN) | 1805 |
| 650 14 - PUNTO DE ACCESO ADICIONAL DE MATERIA--TÉRMINO DE MATERIA | |
| Término de materia o nombre geográfico como elemento de entrada | Decoración de interiores |
| Subdivisión cronológica | Siglo XVIII |
| Subdivisión geográfica | Estados Meridionales |
| 9 (RLIN) | 1806 |
| 650 14 - PUNTO DE ACCESO ADICIONAL DE MATERIA--TÉRMINO DE MATERIA | |
| Término de materia o nombre geográfico como elemento de entrada | Arquitectura interior |
| Subdivisión geográfica | Estados Meridionales |
| 9 (RLIN) | 1807 |
| 700 1# - PUNTO DE ACCESO ADICIONAL--NOMBRE DE PERSONA | |
| Nombre de persona | Alswang, Hope |
| 9 (RLIN) | 1808 |
| 942 ## - ELEMENTOS DE PUNTO DE ACCESO ADICIONAL (KOHA) | |
| Fuente del sistema de clasificación o colocación | Library of Congress Classification |
| Tipo de ítem Koha | Libros |
| Estado de retiro | Estado de pérdida | Estado dañado | No para préstamo | Localización permanente | Ubicación/localización actual | Fecha de adquisición | Total de préstamos | Signatura topográfica completa | Código de barras | Fecha visto por última vez | Precio válido a partir de | Tipo de ítem Koha |
|---|---|---|---|---|---|---|---|---|---|---|---|---|
| El ejemplar forma parte de la colección y puede ser consultado según las políticas vigentes. | Biblioteca del Museo Franz Mayer (Rogerio Casas-Alatriste) | Biblioteca del Museo Franz Mayer (Rogerio Casas-Alatriste) | 25/06/2008 | NK2003 .P54 1983 | 00838 | 22/03/2019 | 22/03/2019 | Libros |